|
|
|
|
| LEADER |
00000nas a2200000 a 4500 |
| 001 |
ssj0012615 |
| 003 |
WaSeSS |
| 005 |
20200512172242.0 |
| 006 |
m d |
| 007 |
cr n |
| 008 |
000821c19819999inuqr p s o 0 a0eng c |
| 010 |
|
|
|a 2004236855
|
| 016 |
7 |
|
|a 2068171-9
|2 DE-600
|
| 022 |
|
|
|a 1553-0620
|l 0275-1275
|y 0275-1275
|
| 035 |
|
|
|a (WaSeSS)ssj0012615
|
| 037 |
|
|
|b University of Pennsylvania Press, 4200 Pine St., Philadelphia, PA 19104-4011
|
| 040 |
|
|
|a HNK
|b eng
|c HNK
|d OCLCQ
|d EYM
|d HUL
|d EYM
|d NSD
|d OCL
|d OCLCQ
|d OCLCF
|d OCLCQ
|d OCL
|d DEBBG
|d WT2
|d GILDS
|d OCLCO
|d OCLCQ
|d AU@
|d VT2
|d OCLCQ
|d OCLCO
|d WaSeSS
|
| 042 |
|
|
|a pcc
|a nsdp
|
| 043 |
|
|
|a n-us---
|
| 050 |
1 |
4 |
|a E164
|
| 082 |
1 |
0 |
|a 973
|2 13
|
| 130 |
0 |
|
|a Journal of the early Republic (Online)
|
| 222 |
|
0 |
|a Journal of the early Republic
|b (Online)
|
| 245 |
1 |
0 |
|a Journal of the early Republic
|h [electronic resource].
|
| 260 |
|
|
|a Indianapolis, Ind. :
|b Society for Historians of the Early American Republic,
|c 1981-
|
| 310 |
|
|
|a Quarterly
|
| 362 |
0 |
|
|a Vol. 1, no. 1 (spring 1981)-
|
| 500 |
|
|
|a Title from title screen (JSTOR, viewed May 12, 2004).
|
| 500 |
|
|
|a Imprint varies; published: West Lafayette, Ind. : The Society at Purdue University, fall 1994-
|
| 506 |
|
|
|a License restrictions may limit access.
|
| 538 |
|
|
|a Mode of access: World Wide Web.
|
| 588 |
1 |
|
|a Vol. 20, no. 4 (winter 2000) (JSTOR, viewed May 12, 2004).
|
| 648 |
|
7 |
|a 1783-1865
|2 fast
|
| 650 |
|
7 |
|a Civilization.
|2 fast
|0 (OCoLC)fst00862898
|
| 651 |
|
0 |
|a United States
|x Civilization
|y 1783-1865
|v Periodicals.
|
| 651 |
|
7 |
|a United States.
|2 fast
|0 (OCoLC)fst01204155
|
| 655 |
|
0 |
|a Electronic journals.
|
| 710 |
2 |
|
|a Society for Historians of the Early American Republic.
|
| 776 |
1 |
|
|t Journal of the early Republic
|x 0275-1275
|w (DLC) 81643770
|w (OCoLC)7088630
|
| 856 |
4 |
0 |
|z Full text available from Research Library: 10/01/1997 to 10/31/2015
|u https://search.proquest.com/publication/48116
|